| 000 | 00901nam a22002295i 4500 | ||
|---|---|---|---|
| 001 | 178483 | ||
| 003 | ES-MaACL | ||
| 005 | 20250902030434.0 | ||
| 008 | 110602s1970 sp |||| | spa d | ||
| 080 | _a338.27 | ||
| 100 | 1 |
_aGarcía Echevarría, Santiago. _954565 |
|
| 245 | 1 | 0 |
_aPlanificación y pronóstico en la economía de la empresa / _cSantiago García Echevarría ; prólogo de José María Fernández Pirla. |
| 260 |
_aMadrid : _bICE, _cD. L. 1970. |
||
| 300 |
_aXII, 347 p. , [2] h. pleg. ; _c24 cm. |
||
| 490 | 1 |
_aSelecciones de economía de la empresa. Serie A : Tratados ; _v5 |
|
| 504 | _aBibliografía: p. 305-337. | ||
| 650 | 0 | 7 |
_aPrevisión comercial _2embne _9146889 |
| 700 | 0 |
_aFernández Pirla, José María. _950001 |
|
| 830 | 0 | 0 |
_aSelecciones de economía de la empresa (ICE) _v5 _9190989 |
| 852 |
_aES-MaACL _jE-15233 _xOlim P-1278 |
||
| 999 |
_c178483 _d178483 |
||